Größte Städte in Rheinland-Pfalz (mit Karte) - Statistiken

Allgemein
  • Dieses Quiz wurde 9.155 mal gespielt
    8.794 seit der letzten Aktualisierung
  • Das Durchschnittsergebnis liegt bei 20 aus 50
Antworten auf der Karte
Die Antworten werden auf der Karte rot bzw. grün angezeigt, abhängig davon wie oft sie richtig erraten wurden.
 
Antwortstatistiken
Einwohner Kreis Stadt % Korrekt
217.556 Kreisfrei Mainz
98%
113.638 Kreisfrei Koblenz
90%
110.570 Kreisfrei Trier
90%
99.292 Kreisfrei Kaiserslautern
87%
172.145 Kreisfrei Ludwigshafen am Rhein
84%
83.850 Kreisfrei Worms
72%
50.565 Kreisfrei Speyer
68%
40.054 Kreisfrei Pirmasens
63%
53.491 Kreisfrei Neustadt an der Weinstraße
60%
25.757 Mainz-Bingen Bingen am Rhein
57%
46.919 Kreisfrei Landau in der Pfalz
57%
34.091 Kreisfrei Zweibrücken
57%
51.695 Bad Kreuznach Bad Kreuznach
54%
65.137 Neuwied Neuwied
53%
15.700 Eifelkreis Bitburg-Prüm Bitburg
52%
26.550 Ahrweiler Bad Neuenahr-Ahrweiler
50%
48.773 Kreisfrei Frankenthal (Pfalz)
47%
19.082 Alzey-Worms Alzey
45%
28.423 Birkenfeld Idar-Oberstein
45%
18.576 Bad Dürkheim Bad Dürkheim
43%
30.126 Mayen-Koblenz Andernach
40%
20.716 Germersheim Germersheim
40%
35.486 Mainz-Bingen Ingelheim am Rhein
40%
19.335 Mayen-Koblenz Mayen
40%
14.391 Westerwaldkreis Montabaur
35%
19.345 Bernkastel-Wittlich Wittlich
33%
17.456 Ahrweiler Remagen
31%
15.403 Rhein-Hunsrück-Kreis Boppard
30%
18.111 Rhein-Lahn-Kreis Lahnstein
29%
18.295 Trier-Saarburg Konz
28%
20.403 Rhein-Pfalz-Kreis Schifferstadt
28%
9.761 Rhein-Lahn-Kreis Bad Ems
27%
18.274 Germersheim Wörth am Rhein
27%
20.215 Bad Dürkheim Haßloch
25%
13.036 Rhein-Pfalz-Kreis Mutterstadt
25%
17.414 Ahrweiler Sinzig
24%
11.092 Rhein-Lahn-Kreis Diez
23%
13.840 Bad Dürkheim Grünstadt
22%
9.671 Ahrweiler Bad Breisig
20%
16.962 Mayen-Koblenz Bendorf
20%
11.248 Mayen-Koblenz Mülheim-Kärlich
20%
10.099 Altenkirchen (Westerwald) Betzdorf
19%
10.732 Südliche Weinstraße Herxheim bei Landau in der Pfalz
18%
10.348 Mainz-Bingen Nieder-Olm
18%
11.578 Rhein-Pfalz-Kreis Limburgerhof
17%
10.969 Ahrweiler Grafschaft (Rheinland)
16%
10.075 Rhein-Pfalz-Kreis Bobenheim-Roxheim
15%
10.433 Rhein-Pfalz-Kreis Böhl-Iggelheim
14%
10.565 Bernkastel-Wittlich Morbach
13%
9.865 Rhein-Pfalz-Kreis Römerberg (Pfalz)
13%
Keine übereinstimmenden Quizze gefunden
Verteilung der Resultate
Anzahl Personen mit jedem Resultat
Perzentil nach korrekt beantworteten Fragen
Ihre Resultats-Entwicklung
Sie haben dieses Quiz seit der letzten Aktualisierung nicht gespielt